|
|
|
|
| LEADER |
00819nam a2200217 a 4500 |
| 001 |
000573491 |
| 003 |
CZ BrMZK |
| 005 |
20070914134554.0 |
| 008 |
950407s1914 xr f cze d |
| 040 |
|
|
|a BOA001
|b cze
|c BOA002
|
| 100 |
1 |
|
|a Ertl, Václav,
|d 1875-1929
|7 jk01030578
|
| 245 |
1 |
0 |
|a Gebauerova mluvnice česká pro školy střední a ústavy učitelské.
|n Díl 1.,
|p Hláskosloví. - Nauka o slově /
|c nově zpracoval Václav Ertl
|
| 246 |
3 |
0 |
|a Hláskosloví. - Nauka o slově
|
| 250 |
|
|
|a 5. vyd., podstatně změněné
|
| 260 |
|
|
|a Praha :
|b Unie,
|c 1914
|
| 300 |
|
|
|a 244 s.
|
| 910 |
|
|
|a BOA001
|b PK-II-0006.587,1
|
| 964 |
|
|
|a Čeština - mluvnice - učebnice - školy střední
|
| 990 |
|
|
|a BK
|
| 993 |
|
|
|a Y
|
| 996 |
6 |
|
|b 3119657441
|c PK-II-0006.587,1
|l MZK
|r Sklad / do 1 hodiny
|n 2
|w 000573491
|u 000010
|a 1
|e BOA001
|j MZK50
|s P
|